00427 2200157 4500245008300000020001800083250001100101100001600112650002200128005001900150260004100169041001400210084001100224300002500235336000900260 aKiat Membuat Promosi Penjualan Secara Efektif dan TerencanacAdi HaryadihText a979-20-7716-2 aCet. 2 aAdi Haryadi aPromosi Penjualan a20230307072232 aJakartabElex Media Komputindoc2007 aIndonesia a658.82 axv, 86 hlm. :cilus. atext